Science and sensibility / (Record no. 127324)

MARC details
000 -LEADER
fixed length control field 00641nam a22002177a 4500
005 - DATE AND TIME OF LATEST TRANSACTION
control field 20170124110023.0
010 ## - LIBRARY OF CONGRESS CONTROL NUMBER
LC control number A-710118
020 ## - INTERNATIONAL STANDARD BOOK NUMBER
Terms of availability 200.00
International Standard Book Number 8185235074
035 ## - SYSTEM CONTROL NUMBER
System control number A-710118
037 ## - SOURCE OF ACQUISITION
Source of stock number/acquisition Cen Lib/Ret
040 ## - CATALOGING SOURCE
Original cataloging agency DPL
Language of cataloging EN
082 ## - DEWEY DECIMAL CLASSIFICATION NUMBER
Classification number 500
Item number SUB
100 ## - MAIN ENTRY--PERSONAL NAME
Personal name Subbaram, K. V
9 (RLIN) 20152
245 ## - TITLE STATEMENT
Title Science and sensibility /
Statement of responsibility, etc compiled by K. V. Subbaram
260 ## - PUBLICATION, DISTRIBUTION, ETC. (IMPRINT)
Place of publication, distribution, etc Rohtak
Name of publisher, distributor, etc Manthan Publications
Date of publication, distribution, etc 1989
270 ## - ADDRESS
Address Opp. Power House, Delhi Road Model Town
City Haryana
Postal code 124001
300 ## - PHYSICAL DESCRIPTION
Extent xii,285p.
Dimensions 21cm(Hb)
650 ## - SUBJECT ADDED ENTRY--TOPICAL TERM
Topical term or geographic name as entry element Philosophers
9 (RLIN) 20153
650 ## - SUBJECT ADDED ENTRY--TOPICAL TERM
Topical term or geographic name as entry element Scientists
9 (RLIN) 20154
942 ## - ADDED ENTRY ELEMENTS (KOHA)
Source of classification or shelving scheme Dewey Decimal Classification
Koha item type English Books
Classification part 500
Call number suffix SUB
Holdings
Withdrawn status Lost status Damaged status Not for loan Home library Current library Date acquired Source of acquisition Cost, normal purchase price Total Checkouts Full call number Barcode Date last seen Copy number Cost, replacement price Price effective from Koha item type
        Central Library Central Library 29/06/2015 Cen Lib/Ret 200.00   500 SUB A-710118 29/06/2015 1 200.00 29/06/2015 English Books

© Delhi Public Library
Hit Counter
free hit counter